Product Warranty Handbook
Gespeichert in:
| Weitere Verfasser: | , |
|---|---|
| Format: | Buch |
| Sprache: | Englisch |
| Veröffentlicht: |
New ZNew York :
Marcel Dekker,
1996
|
| Ausgabe: | 1. Edition |
| Schlagworte: | |
| Tags: |
Keine Tags, Fügen Sie das erste Tag hinzu!
|
MARC
| LEADER | 00000nam a22000003a 4500 | ||
|---|---|---|---|
| 001 | stu161286 | ||
| 005 | 20150617230001.2 | ||
| 008 | 080414s1996----xxu-----------------eng-d | ||
| 020 | |a 0-8247-8955-5 | ||
| 040 | |a STU |b slo | ||
| 041 | 0 | |a eng | |
| 044 | |a xxu | ||
| 080 | |a 658.5 | ||
| 080 | |a 006.015.5 | ||
| 100 | 1 | |a Blischke, Wallace R. |4 edt | |
| 245 | 1 | |a Product Warranty Handbook | |
| 250 | |a 1. Edition | ||
| 260 | |a New ZNew York : |b Marcel Dekker, |c 1996 | ||
| 300 | |a 925 s | ||
| 650 | 7 | |a kvalita |2 stusub | |
| 700 | 1 | |a Prabhakar Murthy, D. N. |4 edt | |
| 996 | |b 284J033804 |c J*109604 |l JJSK |s A |a 24 |w stu161286_0001 | ||